Bangladesh population census-2001 = বাংলাদেশ আদমশুমারি-২০০১ : (Record no. 61867)
[ view plain ]
| 000 -LEADER | |
|---|---|
| fixed length control field | 01502nam a2200301 a 4500 |
| 001 - CONTROL NUMBER | |
| control field | 61867 |
| 003 - CONTROL NUMBER IDENTIFIER | |
| rucl marc code | BD-RjUL |
| 005 - DATE AND TIME OF LATEST TRANSACTION | |
| control field | 20211209081017.0 |
| 008 - FIXED-LENGTH DATA ELEMENTS--GENERAL INFORMATION | |
| fixed length control field | 170122s2005 bg a s o000 0|eng|| |
| 020 ## - INTERNATIONAL STANDARD BOOK NUMBER | |
| International Standard Book Number | 9845085601 |
| Terms of availability | : Tk. 500.00 Inland |
| 035 ## - SYSTEM CONTROL NUMBER | |
| System control number | (BD-RjUL)61991 |
| 040 ## - CATALOGING SOURCE | |
| Original cataloging agency | DLC |
| Transcribing agency | DLC |
| Modifying agency | DLC |
| -- | BD-RjUL |
| Language of cataloging | eng |
| 041 0# - LANGUAGE CODE | |
| Language code of text/sound track or separate title | engben |
| 082 ## - DEWEY DECIMAL CLASSIFICATION NUMBER | |
| Edition number | 23 |
| Classification number | 304.6095492021 |
| Author mark and year | DIN 2005 (CS) |
| 110 ## - MAIN ENTRY--CORPORATE NAME | |
| Corporate name or jurisdiction name as entry element | Bangladesh Bureau of Statistics. |
| 9 (RLIN) | 179266 |
| 245 10 - TITLE STATEMENT | |
| Title | Bangladesh population census-2001 = বাংলাদেশ আদমশুমারি-২০০১ : |
| Remainder of title | Community series, Zila: Dinajpur= কমিউনিটি সিরিজ, জেলা: দিনাজপুর / |
| Statement of responsibility, etc. | Bangladesh Bureau of Statistics. |
| 246 ## - VARYING FORM OF TITLE | |
| Title proper/short title | বাংলাদেশ আদমশুমারি-২০০১ : |
| Remainder of title | কমিউনিটি সিরিজ, জেলা: দিনাজপুর |
| 260 ## - PUBLICATION, DISTRIBUTION, ETC. (IMPRINT) | |
| Place of publication, distribution, etc. | Dhaka : |
| Name of publisher, distributor, etc. | Bangladesh Bureau of Statistics, |
| Date of publication, distribution, etc. | 2005. |
| 300 ## - PHYSICAL DESCRIPTION | |
| Pagination | x, 405 p. : |
| Illustrations | ill. ; |
| Size | 28 cm. |
| 490 ## - SERIES STATEMENT | |
| Series statement | Community series, Zila: Dinajpur |
| Series statement | কমিউনিটি সিরিজ, জেলা: দিনাজপুর |
| 500 ## - GENERAL NOTE | |
| General note | Prefatory matter in Bengali and English. |
| 651 ## - SUBJECT ADDED ENTRY--GEOGRAPHIC NAME | |
| Geographic name | Bangladesh |
| Geographic subdivision | Dinajpur |
| Form subdivision | census, 2001 |
| 9 (RLIN) | 183937 |
| Geographic name | Bangladesh |
| Geographic subdivision | Dinajpur |
| General subdivision | Population |
| Form subdivision | Statistics |
| 9 (RLIN) | 180042 |
| Chronological subdivision | 2001 |
| 830 ## - SERIES ADDED ENTRY--UNIFORM TITLE | |
| Uniform title | Community series, Zila: Dinajpur |
| Uniform title | কমিউনিটি সিরিজ, জেলা: দিনাজপুর |
| 942 ## - ADDED ENTRY ELEMENTS (KOHA) | |
| Source of classification or shelving scheme | Dewey Decimal Classification |
| Koha item type | Rare Books |
| Lost status | Source of classification or shelving scheme | Damaged status | Not for loan | Collection code | Permanent Location | Current Location | Shelving location | Date acquired | Source of acquisition | Cost, normal purchase price | Total Checkouts | Full call number | Date last seen | Copy number | Koha item type |
|---|---|---|---|---|---|---|---|---|---|---|---|---|---|---|---|
| Dewey Decimal Classification | Not For Loan | Rare Books | Central Library, University of Rajshahi | Central Library, University of Rajshahi | Rare Book Section | 13/02/2008 | Dhaka, BBS | 500.00 | RA 304.6095492021 DIN 2005(CS) | 22/01/2017 | C-1 | Rare Books |